[Event "BAN-chT"]
[Site "Dhaka"]
[Date "2015.12.09"]
[Round "4.3"]
[White "Hossain, Mohammad Ibrahim"]
[Black "Mehdi, Hasan Parag"]
[Result "0-1"]
[WhiteElo "2002"]
[BlackElo "2326"]
[PlyCount "56"]
[EventDate "2015.12.06"]
[EventType "team-tourn"]
[EventRounds "9"]
[EventCountry "BAN"]
[SourceTitle "EXT 2017"]
[Source "ChessBase"]
[SourceDate "2016.10.25"]
[SourceVersion "1"]
[SourceVersionDate "2016.10.25"]
[SourceQuality "1"]
[WhiteTeam "Narayanganj"]
[BlackTeam "Sheikh Russel Memorial"]
[WhiteTeamCountry "BAN"]
[BlackTeamCountry "BAN"]

1. d4 d5 2. c4 dxc4 3. Nf3 Nf6 4. Nc3 a6 5. a4 e6 6. e3 c5 7. Bxc4 Be7 8. 0-0 0-0 9. Qe2 Nc6 10. Rd1 Qc7 11. dxc5 Bxc5 12. h3 Bd7 13. b3 Ne5 14. Bb2 Nxf3+ 15. Qxf3 Bc6 16. Qe2 Rad8 17. Rxd8 Rxd8 18. Rd1 Rb8 19. Kh1 h6 20. Kg1 Kf8 21. Ba1 Rc8 22. Qd2 Rb8 23. Qe2 Qe5 24. Nd5 Qg5 25. f4 Qg3 26. Nxf6 Bxe3+ 27. Kf1 Qxf4+ 28. Ke1 gxf6 0-1

[Event "BAN-chT"]
[Site "Dhaka"]
[Date "2015.12.06"]
[Round "1.4"]
[White "Mohammed Abdul, Malek"]
[Black "Hossain, Mohammad Ibrahim"]
[Result "1-0"]
[WhiteElo "2156"]
[BlackElo "2002"]
[PlyCount "79"]
[EventDate "2015.12.06"]
[EventType "team-tourn"]
[EventRounds "9"]
[EventCountry "BAN"]
[SourceTitle "EXT 2017"]
[Source "ChessBase"]
[SourceDate "2016.10.25"]
[SourceVersion "1"]
[SourceVersionDate "2016.10.25"]
[SourceQuality "1"]
[WhiteTeam "Leonine CC"]
[BlackTeam "Narayanganj"]
[WhiteTeamCountry "BAN"]
[BlackTeamCountry "BAN"]

1. d4 d5 2. c4 c6 3. Nf3 Nf6 4. Nc3 dxc4 5. a4 Bf5 6. e3 e6 7. Bxc4 Bb4 8. 0-0 Nbd7 9. h3 0-0 10. Qe2 h6 11. e4 Bg6 12. Bd3 Re8 13. Bf4 Bh5 14. e5 Nd5 15. Nxd5 cxd5 16. g4 Bg6 17. Bxg6 fxg6 18. Qb5 Rf8 19. Qxb4 Rxf4 20. Ra3 Rf7 21. Kg2 Rc8 22. a5 Rc4 23. Qd2 g5 24. Rc1 Rxc1 25. Qxc1 Nb8 26. Rc3 Rf8 27. Rc7 b6 28. Rxa7 bxa5 29. Qc5 Rf7 30. Rxa5 Rb7 31. b4 Rxb4 32. Ra7 Qf8 33. Qd6 Qxd6 34. exd6 Nc6 35. Rc7 Rc4 36. d7 Nd8 37. Rc8 Kf8 38. Rxd8+ Ke7 39. Rg8 Kxd7 40. Ne5+ 1-0

[Event "BAN-chT"]
[Site "Dhaka"]
[Date "2014.11.19"]
[Round "8"]
[White "Hossain, Mohammad Ibrahim"]
[Black "Mohammed Abdul, Malek"]
[Result "0-1"]
[WhiteElo "1996"]
[BlackElo "2202"]
[PlyCount "86"]
[EventDate "2014.11.12"]
[EventType "team-tourn"]
[EventRounds "9"]
[EventCountry "BAN"]
[SourceTitle "CBM 163 Extra"]
[Source "ChessBase"]
[SourceDate "2014.12.23"]
[SourceVersion "1"]
[SourceVersionDate "2014.12.23"]
[SourceQuality "1"]
[WhiteTeam "Sreejon CC"]
[BlackTeam "Titas CC"]
[WhiteTeamCountry "BAN"]
[BlackTeamCountry "BAN"]

1. d4 e6 2. Nf3 f5 3. Bg5 Be7 4. Bxe7 Qxe7 5. c3 Nf6 6. g3 b6 7. Bg2 Bb7 8. 0-0 0-0 9. Nbd2 d6 10. Qc2 Nbd7 11. Nh4 Bxg2 12. Nxg2 e5 13. dxe5 Qxe5 14. Nf3 Qe7 15. Nf4 g6 16. Rad1 Rae8 17. h4 Nc5 18. Ng5 Nfe4 19. Nxe4 Qxe4 20. Qxe4 Rxe4 21. e3 a5 22. Nd5 Rf7 23. a3 a4 24. Rd2 h6 25. Rfd1 g5 26. hxg5 hxg5 27. Rd4 Ne6 28. Rxe4 fxe4 29. c4 g4 30. Nc3 Ng5 31. Kg2 Rh7 32. Rh1 Rxh1 33. Kxh1 Kf7 34. Nxa4 Nf3 35. b4 Nd2 36. c5 dxc5 37. bxc5 b5 38. Nc3 c6 39. Kg1 Ke6 40. f4 exf3 41. Kf2 Ke5 42. a4 bxa4 43. Nxa4 Ne4+ 0-1

[Event "BAN-chT"]
[Site "Dhaka"]
[Date "2014.11.16"]
[Round "5"]
[White "Hossain, Mohammad Ibrahim"]
[Black "Alam, Badrul"]
[Result "1-0"]
[WhiteElo "1996"]
[BlackElo "1908"]
[PlyCount "61"]
[EventDate "2014.11.12"]
[EventType "team-tourn"]
[EventRounds "9"]
[EventCountry "BAN"]
[SourceTitle "EXT 2015"]
[Source "ChessBase"]
[SourceDate "2014.11.20"]
[SourceVersion "1"]
[SourceVersionDate "2014.11.20"]
[SourceQuality "1"]
[WhiteTeam "Sreejon CC"]
[BlackTeam "Civil Defense"]
[WhiteTeamCountry "BAN"]
[BlackTeamCountry "BAN"]

1. d4 Nf6 2. Nf3 g6 3. g3 Bg7 4. Bg2 d5 5. 0-0 0-0 6. Nbd2 c6 7. c4 Ne4 8. Ne5 Nxd2 9. Bxd2 f6 10. Nf3 dxc4 11. Qc1 Be6 12. Bh6 Nd7 13. Bxg7 Kxg7 14. e4 Rc8 15. Qe3 Bf7 16. Rad1 Nb6 17. g4 Qc7 18. h4 Na4 19. Rd2 b5 20. g5 b4 21. Re2 Nb6 22. Nh2 Be6 23. Rd1 Rf7 24. Nf1 fxg5 25. d5 cxd5 26. exd5 Bg4 27. Qd4+ Kg8 28. Qxg4 gxh4 29. Qxh4 c3 30. Qxb4 cxb2 31. Qxb2 1-0

[Event "BAN-chT"]
[Site "Dhaka"]
[Date "2014.11.15"]
[Round "4"]
[White "Md, Sharif Hossain"]
[Black "Hossain, Mohammad Ibrahim"]
[Result "1-0"]
[WhiteElo "2071"]
[BlackElo "1996"]
[PlyCount "137"]
[EventDate "2014.11.12"]
[EventType "team-tourn"]
[EventRounds "9"]
[EventCountry "BAN"]
[SourceTitle "EXT 2015"]
[Source "ChessBase"]
[SourceDate "2014.11.20"]
[SourceVersion "1"]
[SourceVersionDate "2014.11.20"]
[SourceQuality "1"]
[WhiteTeam "Bangladesh Navy U20"]
[BlackTeam "Sreejon CC"]
[WhiteTeamCountry "BAN"]
[BlackTeamCountry "BAN"]

1. e4 c6 2. d4 d5 3. Nc3 dxe4 4. Nxe4 Bf5 5. Ng3 Bg6 6. h4 h6 7. Nf3 e6 8. h5 Bh7 9. Bd3 Bxd3 10. Qxd3 Nf6 11. Bd2 Be7 12. 0-0-0 0-0 13. Ne4 Nxe4 14. Qxe4 Qd5 15. Qxd5 cxd5 16. g4 Nd7 17. g5 hxg5 18. Bxg5 f6 19. Bd2 Kf7 20. Rh3 Rh8 21. Nh2 Rh7 22. Rh1 Rah8 23. Nf3 Nb6 24. b3 Nc8 25. Bf4 Bd6 26. Bg3 g5 27. Ne1 Bb4 28. f3 Bc3 29. f4 gxf4 30. Bxf4 Bxe1 31. Rxe1 Rxh5 32. Rc3 Re8 33. Rc7+ Kg6 34. Rxb7 e5 35. dxe5 fxe5 36. Rc7 e4 37. Be3 Kf6 38. Rf1+ Ke6 39. Bd4 Kd6 40. Rg7 Re7 41. Rf6+ Kd7 42. Rxe7+ Kxe7 43. Ra6 Rh2 44. a4 Kd7 45. a5 Kc7 46. b4 Kb7 47. b5 Rh1+ 48. Kb2 Rh4 49. c3 Rh7 50. Rc6 Rc7 51. a6+ Kb8 52. Be3 Rf7 53. Kb3 Ne7 54. Re6 Nc8 55. Kb4 Re7 56. Bf4+ Ka8 57. Rf6 Re8 58. Be3 Kb8 59. Kb3 Ka8 60. Kc2 Rd8 61. Re6 Kb8 62. Bc5 Kc7 63. Rc6+ Kd7 64. Kd2 Re8 65. Rh6 Re6 66. Rh7+ Kd8 67. Bxa7 Nb6 68. Bxb6+ Rxb6 69. a7 1-0

[Event "BAN-chT"]
[Site "Dhaka"]
[Date "2013.11.09"]
[Round "8"]
[White "Hossain, Mohammad Ibrahim"]
[Black "Ahmed, Sk Nasir"]
[Result "0-1"]
[WhiteElo "1932"]
[BlackElo "2352"]
[PlyCount "90"]
[EventDate "2013.11.02"]
[EventType "team-tourn"]
[EventRounds "9"]
[EventCountry "BAN"]
[SourceTitle "CBM 157 Extra"]
[Source "ChessBase"]
[SourceDate "2013.12.19"]
[SourceVersion "1"]
[SourceVersionDate "2013.12.19"]
[SourceQuality "1"]

1. d4 Nf6 2. c4 e6 3. Nc3 Bb4 4. e3 c5 5. Bd3 Bxc3+ 6. bxc3 d6 7. Ne2 0-0 8. 0-0 e5 9. f3 Nc6 10. Kh1 b6 11. d5 Na5 12. Ng3 Ne8 13. f4 Qh4 14. e4 Nf6 15. Qf3 Qg4 16. fxe5 dxe5 17. Qxg4 Nxg4 18. Nf5 Bxf5 19. Rxf5 Rae8 20. h3 Nf6 21. Bg5 Nd7 22. Bc2 f6 23. Ba4 Rd8 24. Raf1 Nxc4 25. Bc1 Nd6 26. R5f3 Nxe4 27. g4 Nd6 28. h4 b5 29. Bc2 a5 30. g5 f5 31. Bxf5 Nxf5 32. Rxf5 Rxf5 33. Rxf5 Rf8 34. Rxf8+ Kxf8 35. Kg2 Ke7 36. Kf3 Nb6 37. Ke4 Kd6 38. Kf5 Nxd5 39. h5 Ne7+ 40. Ke4 g6 41. hxg6 hxg6 42. Bd2 Nf5 43. Be1 Ke6 44. Bf2 Nd6+ 45. Kf3 Kd5 0-1